000
00276nam a22001217a 4500
008
181121b xxu||||| |||| 00| 0 eng d
041
_a
eng
080
_a
370
100
_a
48
101
_a
EDU
245
_a
Everyones An Author With Readings
_c
Andrea.L
942
_2
udc
_c
BK
999
_c
52269
_d
52269